000 00675nam a2200241Ia 4500
003 OSt
005 20220918230455.0
006 a|||||r|||| 00| 0
007 ta
008 220917b |||||||| |||| 00| 0 eng d
024 _a254,017
037 _cTextual
040 _aARTS
_cARTS
_beng
041 _2eng
_aeng
082 _aQ6.6137, L7
100 _aJohnson Walton R.
_9152690
245 0 _aWorship and freedom
_b A black American chruch in Zambia
260 _aLondon
_bInternational African Institute UK
_c1967
300 _axx,152p.
_ccm.
650 _aRELIGION
942 _hQ6.6137, L7
_cTEXL
_2CC
999 _c288139
_d288139